Japans aubenwirtschaftspolitik merkantilistisch, liberal oder funktionell?

Zapisane w:
Opis bibliograficzny
1. autor: Schmiegelow, Henrik
Format: Książka
Język:Undetermined
Wydane: Germany Institut fur Asienkunde 1981
Hasła przedmiotowe:
Etykiety: Dodaj etykietę
Nie ma etykietki, Dołącz pierwszą etykiete!
Thư viện lưu trữ: Trung tâm Học liệu Trường Đại học Cần Thơ
LEADER 00519nam a2200181Ia 4500
001 CTU_79425
008 210402s9999 xx 000 0 und d
082 |a 382 
082 |b S354 
100 |a Schmiegelow, Henrik 
245 0 |a Japans aubenwirtschaftspolitik merkantilistisch, liberal oder funktionell? 
245 0 |c Henrik Schmiegelow 
260 |a Germany 
260 |b Institut fur Asienkunde 
260 |c 1981 
650 |a Commerce 
650 |z Japan 
980 |a Trung tâm Học liệu Trường Đại học Cần Thơ